LEADER 01754naa a2200301 a 4500 001 000000120319 003 CaOOAMICUS 005 20100225093313.0 008 100225t2009 it u000 ubita r 040 $aPUL$bita$dReb 245 04$aGli Stati Uniti /$ca cura di Gian Piero Brunetta . 260 $aMilano :$bIl Sole 24 ore,$c©2009$aTorino :$bGiulio Einaudi 300 $a4 v. ;$c22 cm. 500 $aEdizione speciale per il Sole 24 Ore. Pubblicata su licenza di Giulio Einaudi editore. 504 $aInclude riferimenti bibliografici ed indice. 650 4$aCinema$xStoria e critica.$0(OLS)http://pul/subject/23448 650 4$aCinema$zStati Uniti.$0(OLS)http://pul/subject/29236 700 1 $aBrunetta, Gian Piero.$0(OLS)http://pul/name/23534 773 1 $tStoria del cinema mondiale.$dMilano : Il Sole 24 ore, ©2009 Torino : Giulio Einaudi $w()118347 850 $aPUL 852 $aPUL$W1$xDP2 Cons. Gen., Altre Classi 3$y97$m791. 4 COLL 1.3$j137951$qDDC 21$B137110$CPULBib$Z2$F137110 $H112289 $82 852 $aPUL$W1$xDP2 Cons. Gen., Altre Classi 3$y97$m791. 4 COLL 1.4$j137952$qDDC 21$B137111$CPULBib$Z2$F137111 $H112290 $82 852 $aPUL$W1$xDP2 Cons. Gen., Altre Classi 3$y97$m791. 4 COLL 1.5$j137953$qDDC 21$B137112$CPULBib$Z2$F137112 $H112291 $82 852 $aPUL$W1$xDP2 Cons. Gen., Altre Classi 3$y97$m791. 4 COLL 1.6$j137954$qDDC 21$B137113$CPULBib$Z2$F137113 $H112365 $82 941 1 $a9 996 $6245$aGli Stati Uniti$9(OLS)http://pul/title/71276 996 $6260$aMilano :$bIl Sole 24 ore$9(OLS)http://pul/publisher/69212 996 $6260$aTorino :$bGiulio Einaudi$9(OLS)http://pul/publisher/54573 LEADER 01319nam a2200289 a 4500 001 000000172512 003 CaOOAMICUS 005 20190809132100.0 008 190809t2010 it d u100 u ita r 020 $z978-88-568-3150-4* 032 $aLibriCat 040 $aPUL$bita 082 04$a338.9 100 1 $aTramontana, Antonino.$0(OLS)http://pul/name/110766 245 10$aPer una nuova Europa :$bpremesse e prospettive per una politica economica europea /$cAntonino Tramontana. 260 $aMilano :$bFranco Angeli,$c2010. 300 $a300 p. :$btab., grafici ;$c23 cm 490 1 $aEconomia.$aMonografia 650 4$aPolitica economica$zEuropa$xSviluppo economico.$0(OLS)http://pul/subject/46090 830 0$aEconomia$bMonografia.$0(OLS)http://pul/title/213470 850 $aPUL 852 $aPUL$W1$xSL Diritto e Scienze Sociali 3$y79$m338. 9 TRAAN 1$j196458$qDDC 21$B201220$CPULBib$Z2$F201220 $H133399 $82 996 $6020$z978-88-568-3150-4*$9(OLS)http://pul/number/166592 996 $6082$a338.9$9(OLS)http://pul/classification/697 996 $6245$aPer una nuova Europa :$bpremesse e prospettive per una politica economica europea$9(OLS)http://pul/title/213469 996 $6260$aMilano :$bFranco Angeli$9(OLS)http://pul/publisher/52903